| 000 | 01769nam a22002537a 4500 | ||
|---|---|---|---|
| 005 | 20240305165613.0 | ||
| 007 | cr|||| |||| | ||
| 008 | 210826s2001 ca |||||s|||| 00||0 eng d | ||
| 020 | _a9781552210093 | ||
| 035 | _a35247 | ||
| 040 | _avLex | ||
| 090 |
_c12142 _d12142 |
||
| 100 | 1 | _aMullan, David | |
| 245 | 1 | 0 |
_a Administrative Law _h[Recurso electrónico] / _cDavid Mullan |
| 256 | _aServicio en línea | ||
| 260 |
_aToronto: _bIrwin Law Inc., _c2001 |
||
| 300 | _a1 recurso electrónico | ||
| 500 | _aShortlisted for the 2003 Walter Owen Book Prize. Administrative law probably touches each of us as citizens in more ways than any other area of law. It is the body of law that ensures that governments (and government officials) deal with us in a manner that is both lawful and fair. It governs the myriad of relationships that we, as citizens, have with our governments at every turn, from our dealings with Revenue Canada, to the application for a municipal building permit. David Mullan is one of Canadas leading scholars in the area of administrative law. His book not only provides a clear overview and analysis of this important field, it also explores the complex issues involved in balancing effective and efficient government with the protection of individual interests and concerns. | ||
| 506 | 1 |
_aDisponible solo en los productos indicados _dvLex Global _dvLex Global (Academic Edition, excluding Law Schools) _dvLex Global (U.S. Academic Edition, Law Schools) _dvLex Global (U.S. Academic Edition, excluding Law Schools) _dvLex Global (Academic Edition, Law Schools) |
|
| 650 | 0 | 4 |
_aDerecho Público y Administrativo _zCanadá |
| 740 | 0 | _avLex Libros (Servicio en línea) | |
| 856 | 4 | 0 | _uhttps://app.vlex.com/#/sources/35247 |
| 942 | _cRAA | ||
| 999 |
_c170378 _d170378 |
||